Trends and Perspectives of Fuelwood Production in Europe

Identifikácia trendov v spracovaní palivového dreva v európskych krajinách. Odlesňovanie, chudoba lesov a efektívnosť spracovania dreva.

Saved in:
Bibliographic Details
Main Author: Otepka, Pavol
Other Authors: Grynenko, Volodymyr
Format: Book Chapter
Language:English
Subjects:
Tags: Add Tag
No Tags, Be the first to tag this record!

MARC

LEADER 00000naa a2200000 4500
001 0251682
005 20221104110230.9
041 0 |a eng 
044 |a SK 
245 1 0 |a Trends and Perspectives of Fuelwood Production in Europe  |c Pavol Otepka, Volodymyr Grynenko 
520 |a Identifikácia trendov v spracovaní palivového dreva v európskych krajinách. Odlesňovanie, chudoba lesov a efektívnosť spracovania dreva. 
610 2 0 |a drevo 
610 2 0 |a odlesňovanie 
610 2 0 |a produkcia 
610 2 0 |a efektívnosť výroby 
610 2 0 |a intenzita výroby 
610 2 0 |a priemysel drevársky 
610 2 0 |a chudoba 
610 2 0 |a lesy 
610 2 0 |a Európa 
100 1 |a Otepka, Pavol 
700 1 |a Grynenko, Volodymyr